000 00703nam a2200229Ia 4500
003 OSt
005 20230516113202.0
008 210423s2011 xx 000 0 und d
020 _a978-0-19-959264-7
040 _cAL
041 _aeng
082 _a343.07 LANW
100 _aLANG (Andrew)
_9105056
245 _aWorld trade law after neoliberalism: re imagining the global economic order
260 _aNew Delhi
_bOxford University Press
_c2011
300 _axxix,380
_bHB
365 _b1995
_cINR
650 _aLaw
_9105057
650 _aMilitary Tax Trade Law
_9105058
906 _aafter ; economic ; global ; imagining ; law ; neoliberalism: ; order ; re ; trade ; World
942 _2ddc
_cBK
999 _c166300
_d166300